<?xml version="1.0" encoding="UTF-8"?>
<record
    xmlns:xsi="http://www.w3.org/2001/XMLSchema-instance"
    xsi:schemaLocation="http://www.loc.gov/MARC21/slim http://www.loc.gov/standards/marcxml/schema/MARC21slim.xsd"
    xmlns="http://www.loc.gov/MARC21/slim">

  <leader>01206nam0a2200325   4500</leader>
  <controlfield tag="001">RU\NLR\BIBL_A\012317022</controlfield>
  <controlfield tag="005">20250624014419.0</controlfield>
  <datafield tag="035" ind1=" " ind2=" ">
    <subfield code="a">(NLR Aleph) 012317022</subfield>
  </datafield>
  <datafield tag="090" ind1=" " ind2=" ">
    <subfield code="a">11401107</subfield>
    <subfield code="c">11401107</subfield>
  </datafield>
  <datafield tag="100" ind1=" " ind2=" ">
    <subfield code="a">20200818d1931    |||y0rusy50      ca</subfield>
  </datafield>
  <datafield tag="101" ind1="0" ind2=" ">
    <subfield code="a">ady</subfield>
  </datafield>
  <datafield tag="102" ind1=" " ind2=" ">
    <subfield code="a">RU</subfield>
  </datafield>
  <datafield tag="105" ind1=" " ind2=" ">
    <subfield code="a">a   z   000 y</subfield>
  </datafield>
  <datafield tag="181" ind1=" " ind2="0">
    <subfield code="a">i</subfield>
    <subfield code="b">axxe</subfield>
  </datafield>
  <datafield tag="182" ind1=" " ind2="0">
    <subfield code="a">n</subfield>
  </datafield>
  <datafield tag="200" ind1="1" ind2=" ">
    <subfield code="a">&#x41A;&#x44A;&#x438;&#x43D;&#x435;&#x445;&#x44C;&#x436;&#x44C;&#x443;&#x433;&#x44A;&#x44D;&#x445;&#x44D;&#x43C;&#x43A;I&#x44D; &#x434;&#x438;&#x43D; - &#x43D;&#x44D;&#x43A;I&#x43C;&#x430;&#x437;&#x44D;&#x43C; &#x437;&#x44D;&#x440;&#x430;&#x440;&#x44D;&#x443; &#x43F;&#x44B;&#x43B;&#x44A;&#x445;&#x44D;&#x440;</subfield>
    <subfield code="f">&#x437;&#x44B;&#x442;&#x445;&#x44B;&#x433;&#x44A;&#x44D;&#x440; &#x411;&#x436;&#x44A;&#x44D;&#x448;I&#x43E; &#x42E;.</subfield>
  </datafield>
  <datafield tag="203" ind1=" " ind2=" ">
    <subfield code="a">&#x422;&#x435;&#x43A;&#x441;&#x442;</subfield>
    <subfield code="b">&#x432;&#x438;&#x437;&#x443;&#x430;&#x43B;&#x44C;&#x43D;&#x44B;&#x439;</subfield>
    <subfield code="c">&#x43D;&#x435;&#x43F;&#x43E;&#x441;&#x440;&#x435;&#x434;&#x441;&#x442;&#x432;&#x435;&#x43D;&#x43D;&#x44B;&#x439;</subfield>
  </datafield>
  <datafield tag="210" ind1=" " ind2=" ">
    <subfield code="a">&#x41A;&#x440;&#x430;&#x441;&#x43D;&#x43E;&#x434;&#x430;&#x440;</subfield>
    <subfield code="c">&#x410;&#x434;&#x44B;&#x433;&#x44D;&#x445;&#x44D;&#x43A;&#x443;&#x442;&#x445;&#x43B;&#x44A;&#x442;&#x435;&#x434;&#x437;</subfield>
    <subfield code="c">&#x41A;&#x440;&#x430;&#x439;&#x43D;&#x430;&#x446;&#x438;&#x437;&#x434;&#x430;&#x442;</subfield>
    <subfield code="d">1931</subfield>
  </datafield>
  <datafield tag="215" ind1=" " ind2=" ">
    <subfield code="a">29 &#x441;.</subfield>
    <subfield code="d">17</subfield>
  </datafield>
  <datafield tag="300" ind1=" " ind2=" ">
    <subfield code="a">&#x41B;&#x430;&#x442;&#x438;&#x43D;. &#x433;&#x440;&#x430;&#x444;&#x438;&#x43A;&#x430;</subfield>
  </datafield>
  <datafield tag="541" ind1="1" ind2=" ">
    <subfield code="a">&#x41A;&#x430;&#x43A;&#x43E;&#x439; &#x432;&#x440;&#x435;&#x434; &#x43F;&#x440;&#x438;&#x43D;&#x43E;&#x441;&#x438;&#x442; &#x442;&#x440;&#x443;&#x434;&#x44F;&#x449;&#x438;&#x43C;&#x441;&#x44F; &#x440;&#x435;&#x43B;&#x438;&#x433;&#x438;&#x44F; "&#x41D;&#x430;&#x447;&#x43C;&#x430;&#x437;"</subfield>
    <subfield code="z">rus</subfield>
  </datafield>
  <datafield tag="606" ind1="1" ind2=" ">
    <subfield code="a">&#x423;&#x440;&#x430;&#x437;&#x430;</subfield>
    <subfield code="9">2074849</subfield>
    <subfield code="3">RU\NLR\AUTH\661249870</subfield>
  </datafield>
  <datafield tag="606" ind1="1" ind2=" ">
    <subfield code="a">&#x410;&#x43D;&#x442;&#x438;&#x440;&#x435;&#x43B;&#x438;&#x433;&#x438;&#x43E;&#x437;&#x43D;&#x430;&#x44F; &#x43F;&#x440;&#x43E;&#x43F;&#x430;&#x433;&#x430;&#x43D;&#x434;&#x430;</subfield>
    <subfield code="9">978686</subfield>
    <subfield code="3">RU\NLR\AUTH\6649457</subfield>
  </datafield>
  <datafield tag="686" ind1="1" ind2=" ">
    <subfield code="a">&#x42D;38</subfield>
  </datafield>
  <datafield tag="686" ind1="1" ind2=" ">
    <subfield code="a">&#x42D;16</subfield>
  </datafield>
  <datafield tag="702" ind1=" " ind2="1">
    <subfield code="a">&#x411;&#x436;&#x44D;&#x448;I&#x43E;</subfield>
    <subfield code="b">&#x42E;.</subfield>
    <subfield code="4">220</subfield>
  </datafield>
  <datafield tag="852" ind1=" " ind2=" ">
    <subfield code="a">NLR</subfield>
    <subfield code="b">&#x41E;&#x41D;&#x41B;</subfield>
    <subfield code="j">&#x410;&#x434;&#x44B;&#x433;./2-71</subfield>
  </datafield>
  <datafield tag="942" ind1=" " ind2=" ">
    <subfield code="c">BOOK</subfield>
  </datafield>
  <datafield tag="980" ind1=" " ind2=" ">
    <subfield code="a">NB</subfield>
  </datafield>
  <datafield tag="995" ind1=" " ind2=" ">
    <subfield code="5">2020-08-18</subfield>
    <subfield code="b">NLR01</subfield>
    <subfield code="c">NLR01</subfield>
    <subfield code="e">ONL</subfield>
    <subfield code="f">1-2424640</subfield>
    <subfield code="k">&#x41E;&#x41D;&#x41B; &#x410;&#x434;&#x44B;&#x433;./2-71</subfield>
    <subfield code="o">0</subfield>
    <subfield code="r">BOOK</subfield>
    <subfield code="s">_271</subfield>
  </datafield>
</record>
